Statistics for States of the USA by size

Click here to take the quiz!

General Stats

  • This quiz has been taken 2,972 times
    (2,958 since last reset)
  • The average score is 20 of 50

Answer Stats

Square MilesState% Correct
268,580Texas
99%
663,267Alaska
98%
163,695California
95%
147,042Montana
84%
121,589New Mexico
66%
113,998Arizona
65%
1,545Rhode Island
64%
110,561Nevada
60%
104,093Colorado
56%
2,489Delaware
54%
98,380Oregon
50%
97,813Wyoming
50%
5,543Connecticut
48%
9,614Vermont
44%
9,350New Hampshire
43%
86,939Minnesota
41%
84,899Utah
41%
8,271New Jersey
40%
83,570Idaho
39%
96,716Michigan
39%
10,931Hawaii
37%
10,554Massachusetts
37%
12,407Maryland
35%
82,277Kansas
34%
77,354Nebraska
32%
70,700North Dakota
31%
77,116South Dakota
31%
71,300Washington
30%
35,385Maine
29%
24,230West Virginia
29%
65,755Florida
28%
69,898Oklahoma
27%
32,020South Carolina
26%
69,704Missouri
25%
54,566New York
25%
44,825Ohio
25%
59,425Georgia
24%
56,271Iowa
24%
65,498Wisconsin
24%
52,419Alabama
22%
57,914Illinois
22%
36,418Indiana
22%
40,409Kentucky
21%
53,818North Carolina
21%
53,178Arkansas
20%
48,430Mississippi
20%
42,774Virginia
20%
51,840Louisiana
19%
46,055Pennsylvania
19%
42,143Tennessee
19%

Score Distribution

Percentile by Number Answered

Percent of People with Each Score

Your Score History

You have not taken this quiz since the last reset